[Event "Week's Tournament Elo 1799- (WT1)"]
[Site "Biel, CH"]
[Date "2025.07.25"]
[Round "6"]
[White "Zumbrunn, Simon"]
[Black "Weber, Jason"]
[Result "1-0"]
[Board "1"]
[WhiteFideId "1364146"]
[BlackFideId "1363042"]
[WhiteElo "1686"]
[BlackElo "1769"]
[WhiteTeam "SUI"]
[BlackTeam "SUI"]
[WhiteClock "0:01:46"]
[BlackClock "0:00:07"]
[Variant "Standard"]

1. e4 {[%clk 0:03:04]}  c6 {[%clk 0:03:03]} 2. d4 {[%clk 0:03:03]}  d5 {[%clk 0:03:04]} 3. f3 {[%clk 0:03:06]}  dxe4 {[%clk 0:03:01]} 4. fxe4 {[%clk 0:03:08]}  e5 {[%clk 0:03:01]} 5. Nf3 {[%clk 0:03:09]}  exd4 {[%clk 0:02:44]} 6. Bc4 {[%clk 0:03:10]}  Be7 {[%clk 0:02:09]} 7. O-O {[%clk 0:03:08]}  Nf6 {[%clk 0:01:26]} 8. e5 {[%clk 0:03:03]}  Nd5 {[%clk 0:01:22]} 9. Nxd4 {[%clk 0:02:57]}  O-O {[%clk 0:01:02]} 10. c3 {[%clk 0:02:44]}  Nd7 {[%clk 0:00:57]} 11. Qe2 {[%clk 0:02:40]}  N7b6 {[%clk 0:00:55]} 12. Bd3 {[%clk 0:02:36]}  f6 {[%clk 0:00:16]} 13. Qh5 {[%clk 0:02:24]}  g6 {[%clk 0:00:17]} 14. Bxg6 {[%clk 0:02:17]}  hxg6 {[%clk 0:00:12]} 15. Qxg6+ {[%clk 0:02:23]}  Kh8 {[%clk 0:00:13]} 16. Qh6+ {[%clk 0:02:08]}  Kg8 {[%clk 0:00:14]} 17. Rf3 {[%clk 0:01:47]}  Bg4 {[%clk 0:00:07]} 18. Qg6+ {[%clk 0:01:46]}  Kh8 {[%clk 0:00:07]} 19. Qxg4 {[%clk 0:01:46]} 1-0

[Event "Week's Tournament Elo 1799- (WT1)"]
[Site "Biel, CH"]
[Date "2025.07.25"]
[Round "6"]
[White "Dubel, Nathan"]
[Black "Thornley, Oliver"]
[Result "1-0"]
[Board "2"]
[WhiteFideId "1359410"]
[BlackFideId "445916"]
[WhiteElo "1762"]
[BlackElo "1714"]
[WhiteTeam "SUI"]
[BlackTeam "ENG"]
[WhiteClock "0:01:32"]
[BlackClock "0:00:14"]
[Variant "Standard"]

1. d4 {[%clk 0:03:04]}  f5 {[%clk 0:03:03]} 2. c4 {[%clk 0:03:03]}  Nf6 {[%clk 0:03:03]} 3. Nc3 {[%clk 0:03:05]}  g6 {[%clk 0:03:04]} 4. Bf4 {[%clk 0:02:58]}  Bg7 {[%clk 0:03:05]} 5. e3 {[%clk 0:02:59]}  d6 {[%clk 0:03:05]} 6. Nf3 {[%clk 0:02:59]}  O-O {[%clk 0:03:01]} 7. h3 {[%clk 0:02:59]}  c6 {[%clk 0:02:25]} 8. Be2 {[%clk 0:02:59]}  Nbd7 {[%clk 0:02:22]} 9. O-O {[%clk 0:02:48]}  Ne4 {[%clk 0:02:12]} 10. Nxe4 {[%clk 0:02:43]}  fxe4 {[%clk 0:02:13]} 11. Ng5 {[%clk 0:02:44]}  Nf6 {[%clk 0:02:04]} 12. d5 {[%clk 0:02:39]}  h6 {[%clk 0:01:43]} 13. Ne6 {[%clk 0:02:40]}  Bxe6 {[%clk 0:01:44]} 14. dxe6 {[%clk 0:02:41]}  d5 {[%clk 0:01:24]} 15. Qb3 {[%clk 0:02:34]}  Qb6 {[%clk 0:01:20]} 16. Rfd1 {[%clk 0:02:12]}  Qxb3 {[%clk 0:00:48]} 17. axb3 {[%clk 0:02:14]}  dxc4 {[%clk 0:00:48]} 18. bxc4 {[%clk 0:02:07]}  g5 {[%clk 0:00:41]} 19. Be5 {[%clk 0:02:00]}  a6 {[%clk 0:00:15]} 20. Bxf6 {[%clk 0:02:01]}  Bxf6 {[%clk 0:00:13]} 21. Rd7 {[%clk 0:01:57]}  Rab8 {[%clk 0:00:13]} 22. Ra2 {[%clk 0:01:42]}  Rfd8 {[%clk 0:00:14]} 23. b3 {[%clk 0:01:32]}  Kf8 {[%clk 0:00:11]} 24. Rad2 {[%clk 0:01:33]}  Ke8 {[%clk 0:00:11]} 25. Bh5+ {[%clk 0:01:29]}  Kf8 {[%clk 0:00:12]} 26. Rxd8+ {[%clk 0:01:30]}  Rxd8 {[%clk 0:00:13]} 27. Rxd8+ {[%clk 0:01:31]}  Kg7 {[%clk 0:00:15]} 28. Rd7 {[%clk 0:01:31]}  b5 {[%clk 0:00:14]} 29. cxb5 {[%clk 0:01:32]}  cxb5 {[%clk 0:00:14]} 30. Ra7 {[%clk 0:01:32]} 1-0

[Event "Week's Tournament Elo 1799- (WT1)"]
[Site "Biel, CH"]
[Date "2025.07.25"]
[Round "7"]
[White "Dubel, Nathan"]
[Black "Thornley, Oliver"]
[Result "0-1"]
[Board "1"]
[WhiteFideId "1359410"]
[BlackFideId "445916"]
[WhiteElo "1762"]
[BlackElo "1714"]
[WhiteTeam "SUI"]
[BlackTeam "ENG"]
[WhiteClock "0:00:23"]
[BlackClock "0:00:19"]
[Variant "Standard"]

1. e4 {[%clk 0:03:03]}  c5 {[%clk 0:03:04]} 2. d4 {[%clk 0:03:04]}  cxd4 {[%clk 0:03:05]} 3. c3 {[%clk 0:03:05]}  dxc3 {[%clk 0:03:06]} 4. Nxc3 {[%clk 0:03:06]}  Nc6 {[%clk 0:03:03]} 5. Nf3 {[%clk 0:03:06]}  e6 {[%clk 0:03:02]} 6. Bc4 {[%clk 0:03:07]}  Bb4 {[%clk 0:03:03]} 7. O-O {[%clk 0:03:06]}  Nf6 {[%clk 0:03:04]} 8. Qc2 {[%clk 0:03:07]}  d5 {[%clk 0:03:02]} 9. exd5 {[%clk 0:02:52]}  Nxd5 {[%clk 0:02:50]} 10. Nxd5 {[%clk 0:02:36]}  exd5 {[%clk 0:02:51]} 11. Rd1 {[%clk 0:02:31]}  Be6 {[%clk 0:02:45]} 12. Ng5 {[%clk 0:01:25]}  h6 {[%clk 0:02:46]} 13. Nxe6 {[%clk 0:01:25]}  fxe6 {[%clk 0:02:48]} 14. Qg6+ {[%clk 0:01:26]}  Kf8 {[%clk 0:02:17]} 15. Qxe6 {[%clk 0:01:20]}  Qe7 {[%clk 0:01:39]} 16. Qf5+ {[%clk 0:01:03]}  Qf6 {[%clk 0:01:33]} 17. Qxf6+ {[%clk 0:00:59]}  gxf6 {[%clk 0:01:35]} 18. Bxd5 {[%clk 0:00:59]}  Rd8 {[%clk 0:01:35]} 19. Be3 {[%clk 0:00:37]}  Ne7 {[%clk 0:01:22]} 20. Bxb7 {[%clk 0:00:31]}  Rb8 {[%clk 0:00:54]} 21. Bf3 {[%clk 0:00:22]}  a5 {[%clk 0:00:54]} 22. Rd7 {[%clk 0:00:18]}  Nf5 {[%clk 0:00:36]} 23. Rad1 {[%clk 0:00:12]}  Nxe3 {[%clk 0:00:35]} 24. fxe3 {[%clk 0:00:13]}  Bc5 {[%clk 0:00:30]} 25. Rd8+ {[%clk 0:00:12]}  Rxd8 {[%clk 0:00:30]} 26. Rxd8+ {[%clk 0:00:13]}  Kg7 {[%clk 0:00:31]} 27. Rd7+ {[%clk 0:00:09]}  Kf8 {[%clk 0:00:26]} 28. Kf2 {[%clk 0:00:08]}  Rg8 {[%clk 0:00:19]} 29. Bd5 {[%clk 0:00:07]}  Rg7 {[%clk 0:00:20]} 30. Rd8+ {[%clk 0:00:07]}  Ke7 {[%clk 0:00:17]} 31. Ra8 {[%clk 0:00:08]}  Bb4 {[%clk 0:00:22]} 32. Ra7+ {[%clk 0:00:09]}  Kf8 {[%clk 0:00:22]} 33. Ra8+ {[%clk 0:00:10]}  Ke7 {[%clk 0:00:22]} 34. Ra7+ {[%clk 0:00:08]}  Kf8 {[%clk 0:00:24]} 35. Rxg7 {[%clk 0:00:08]}  Kxg7 {[%clk 0:00:25]} 36. Kf3 {[%clk 0:00:08]}  Bd6 {[%clk 0:00:22]} 37. h4 {[%clk 0:00:08]}  Kg6 {[%clk 0:00:21]} 38. Ke4 {[%clk 0:00:06]}  f5+ {[%clk 0:00:21]} 39. Kf3 {[%clk 0:00:07]}  Kh5 {[%clk 0:00:22]} 40. Be6 {[%clk 0:00:07]}  Kg6 {[%clk 0:00:09]} 41. Bd7 {[%clk 0:00:08]}  Be5 {[%clk 0:00:10]} 42. h5+ {[%clk 0:00:09]}  Kg5 {[%clk 0:00:10]} 43. Be8 {[%clk 0:00:09]}  Bxb2 {[%clk 0:00:11]} 44. g3 {[%clk 0:00:06]}  Bf6 {[%clk 0:00:10]} 45. Bg6 {[%clk 0:00:10]}  Be7 {[%clk 0:00:09]} 46. a4 {[%clk 0:00:09]}  Bd6 {[%clk 0:00:10]} 47. Be8 {[%clk 0:00:03]}  Bb4 {[%clk 0:00:11]} 48. Bb5 {[%clk 0:00:04]}  Kxh5 {[%clk 0:00:11]} 49. Kf4 {[%clk 0:00:05]}  Kg6 {[%clk 0:00:09]} 50. Bd7 {[%clk 0:00:05]}  Bd6+ {[%clk 0:00:10]} 51. Kf3 {[%clk 0:00:06]}  Kg5 {[%clk 0:00:10]} 52. Be6 {[%clk 0:00:06]}  Be5 {[%clk 0:00:09]} 53. e4 {[%clk 0:00:07]}  fxe4+ {[%clk 0:00:09]} 54. Kxe4 {[%clk 0:00:07]}  Bxg3 {[%clk 0:00:10]} 55. Kd5 {[%clk 0:00:07]}  h5 {[%clk 0:00:11]} 56. Kc5 {[%clk 0:00:08]}  h4 {[%clk 0:00:11]} 57. Kb5 {[%clk 0:00:09]}  Be1 {[%clk 0:00:13]} 58. Kc4 {[%clk 0:00:08]}  Kf4 {[%clk 0:00:14]} 59. Bh3 {[%clk 0:00:08]}  Kg3 {[%clk 0:00:16]} 60. Bd7 {[%clk 0:00:08]}  h3 {[%clk 0:00:17]} 61. Bxh3 {[%clk 0:00:08]}  Kxh3 {[%clk 0:00:18]} 62. Kb5 {[%clk 0:00:10]}  Kg3 {[%clk 0:00:19]} 63. Kc4 {[%clk 0:00:10]}  Kf4 {[%clk 0:00:20]} 64. Kb3 {[%clk 0:00:10]}  Ke5 {[%clk 0:00:22]} 65. Kc4 {[%clk 0:00:12]}  Ke4 {[%clk 0:00:23]} 66. Kc5 {[%clk 0:00:12]}  Ke5 {[%clk 0:00:24]} 67. Kc4 {[%clk 0:00:13]}  Kd6 {[%clk 0:00:25]} 68. Kb5 {[%clk 0:00:15]}  Kd5 {[%clk 0:00:25]} 69. Kb6 {[%clk 0:00:15]}  Bb4 {[%clk 0:00:24]} 70. Kb5 {[%clk 0:00:16]}  Kd6 {[%clk 0:00:20]} 71. Kc4 {[%clk 0:00:17]}  Kc6 {[%clk 0:00:21]} 72. Kb3 {[%clk 0:00:18]}  Kc5 {[%clk 0:00:22]} 73. Kb2 {[%clk 0:00:19]}  Kc4 {[%clk 0:00:23]} 74. Kc2 {[%clk 0:00:19]}  Bc3 {[%clk 0:00:22]} 75. Kb1 {[%clk 0:00:20]}  Kb4 {[%clk 0:00:24]} 76. Ka2 {[%clk 0:00:21]}  Kxa4 {[%clk 0:00:25]} 77. Kb1 {[%clk 0:00:22]}  Kb3 {[%clk 0:00:26]} 78. Kc1 {[%clk 0:00:23]}  a4 {[%clk 0:00:19]} 0-1

[Event "Week's Tournament Elo 1799- (WT1)"]
[Site "Biel, CH"]
[Date "2025.07.25"]
[Round "7"]
[White "Weber, Jason"]
[Black "Zumbrunn, Simon"]
[Result "0-1"]
[Board "1"]
[WhiteFideId "1363042"]
[BlackFideId "1364146"]
[WhiteElo "1769"]
[BlackElo "1686"]
[WhiteTeam "SUI"]
[BlackTeam "SUI"]
[WhiteClock "0:00:00"]
[BlackClock "0:00:37"]
[Variant "Standard"]

1. e4 {[%clk 0:03:04]}  e5 {[%clk 0:03:03]} 2. Nf3 {[%clk 0:03:03]}  Nc6 {[%clk 0:03:03]} 3. d4 {[%clk 0:03:05]}  exd4 {[%clk 0:03:04]} 4. Nxd4 {[%clk 0:03:05]}  Bc5 {[%clk 0:03:05]} 5. Nb3 {[%clk 0:03:06]}  Bb6 {[%clk 0:03:06]} 6. Nc3 {[%clk 0:03:07]}  d6 {[%clk 0:03:04]} 7. Qe2 {[%clk 0:03:08]}  Nge7 {[%clk 0:03:01]} 8. Be3 {[%clk 0:03:08]}  O-O {[%clk 0:03:00]} 9. O-O-O {[%clk 0:03:07]}  Be6 {[%clk 0:02:59]} 10. f4 {[%clk 0:02:56]}  f6 {[%clk 0:03:00]} 11. f5 {[%clk 0:02:48]}  Bf7 {[%clk 0:03:01]} 12. g4 {[%clk 0:02:40]}  a5 {[%clk 0:02:43]} 13. a4 {[%clk 0:02:40]}  Bxe3+ {[%clk 0:02:35]} 14. Qxe3 {[%clk 0:02:40]}  Ne5 {[%clk 0:02:32]} 15. Rg1 {[%clk 0:02:23]}  Bxb3 {[%clk 0:02:17]} 16. cxb3 {[%clk 0:02:23]}  N7c6 {[%clk 0:02:09]} 17. h4 {[%clk 0:02:10]}  Nb4 {[%clk 0:01:43]} 18. g5 {[%clk 0:02:03]}  Qe7 {[%clk 0:01:30]} 19. h5 {[%clk 0:01:27]}  fxg5 {[%clk 0:01:04]} 20. Rxg5 {[%clk 0:01:27]}  Kh8 {[%clk 0:00:51]} 21. Be2 {[%clk 0:01:06]}  c6 {[%clk 0:00:44]} 22. Rdg1 {[%clk 0:01:02]}  Rg8 {[%clk 0:00:42]} 23. Qg3 {[%clk 0:00:41]}  Rac8 {[%clk 0:00:36]} 24. h6 {[%clk 0:00:34]}  g6 {[%clk 0:00:38]} 25. fxg6 {[%clk 0:00:13]}  Nxg6 {[%clk 0:00:39]} 26. Bc4 {[%clk 0:00:10]}  d5 {[%clk 0:00:36]} 27. exd5 {[%clk 0:00:09]}  cxd5 {[%clk 0:00:37]} 28. Bb5 {[%clk 0:00:07]}  d4 {[%clk 0:00:37]} 29. Rxg6 {[%clk 0:00:00]}  Rxg6 {[%clk 0:00:37]} 0-1